| 000 | 00000nam##2200000za#4500 |
| 001 | 9.696886 |
| 003 | CaOODSP |
| 005 | 20210624235233 |
| 007 | cr ||||||||||| |
| 008 | 150407|2003||||xxc|||||o f|0| 0 eng|d |
| 040 | |aCaOODSP|beng |
| 043 | |an-cn--- |
| 086 | 1 |aE97-71/2003E-PDF |
| 110 | 1 |aCanada.|bInternational Development Research Centre. |
| 245 | 10|aAt what cost? : |h[electronic resource]|bthe economic impact of tobacco use on national health systems, societies and individuals - a summary of methods and findings / |cThe International Development Research Centre on behalf of the Research for International Tobacco Control Secretariat. |
| 246 | 1 |aRITC Monograph Series No. 1 |
| 260 | |aOttawa - Ontario : |bInternational Development Research Centre |cc2003. |
| 300 | |a97p.|breferences, tables |
| 590 | |a12-41-Supp|b2012-11-07 |
| 690 | 07|aSmoking|2gcpds |
| 856 | 40|ahttp://publications.gc.ca|qPDF|s780 KB|uhttps://publications.gc.ca/collections/collection_2012/crdi-idrc/E97-71-2003-eng.pdf |